000 01321nam a2200397 i 4500
001 16033
003 KOSZ 005
005 20221117084109.0
008 070108s1974 pl a f f |000 0 pol
015 _aPB 1974/9116
040 _aWA N
_cWA N
_dKOSZ 005/HR
046 _k1974
080 _a697
080 _a(075.3)
100 1 _aGasiński, Tadeusz.
_eAutor
245 1 0 _aOgrzewnictwo i wietrzenie /
_cTadeusz Gasiński, Igor Pieskow.
260 _a[Warszawa] :
_bWydawnictwa Szkolne i Pedagogiczne,
_cdr. 1974.
300 _a635 s., [4] k. tabl. :
_bil. ;
_c23 cm.
336 _2rdacontent
_aTekst
_btxt
337 _2rdamedia
_aBez urządzenia pośredniczącego
_bn
338 _2rdacarrier
_aWolumin
_bnc
380 _aKsiążki
380 _aPublikacje dydaktyczne
385 _mPoziom nauczania
_aTechnikum
388 _a1901-2000
388 _a1945-1989
504 _aBibliogr.
521 8 _aDla kl. 2 i 3 technikum budowlanego.
650 _aWentylacja
650 _aOgrzewanie centralne
658 _aArchitektura i budownictwo
710 2 _aWydawnictwa Szkolne i Pedagogiczne
_4pbl.
700 1 _aPieskow, Igor
_eAutor
856 _uhttp://koha.tu.koszalin.pl/cgi-bin/koha/opac-detail.pl?biblionumber=16033
_yKatalog online BPK
942 _2UKD
_cKS
999 _c16033
_d16033